Central Library OPAC University of Rajshahi

Speak to the earth : (Record no. 64019)

MARC details
000 -LEADER
fixed length control field 00955nam a2200277 a 4500
001 - CONTROL NUMBER
control field 64019
003 - CONTROL NUMBER IDENTIFIER
rucl marc code BD-RjUL
005 - DATE AND TIME OF LATEST TRANSACTION
control field 20211209081249.0
008 - FIXED-LENGTH DATA ELEMENTS--GENERAL INFORMATION
fixed length control field 170208s1987 enkacf 000 0 eng d
020 ## - INTERNATIONAL STANDARD BOOK NUMBER
International Standard Book Number 0393024717 :
035 ## - SYSTEM CONTROL NUMBER
System control number (BD-RjUL)64149
040 ## - CATALOGING SOURCE
Original cataloging agency DLC
Transcribing agency DLC
Modifying agency DLC
Language of cataloging eng
041 ## - LANGUAGE CODE
Language code of text/sound track or separate title eng
082 00 - DEWEY DECIMAL CLASSIFICATION NUMBER
Classification number 916.762043
Author mark and year DES 1987
100 1# - MAIN ENTRY--PERSONAL NAME
Personal name De Watteville, Vivienne.
9 (RLIN) 190148
245 10 - TITLE STATEMENT
Title Speak to the earth :
Remainder of title wanderings and reflections among elephants and mountains /
Statement of responsibility, etc. by Vivienne de Watteville ; with an introduction by Alexander Maitland.
250 ## - EDITION STATEMENT
Edition statement 1st American ed.
260 ## - PUBLICATION, DISTRIBUTION, ETC. (IMPRINT)
Place of publication, distribution, etc. London :
Name of publisher, distributor, etc. Methuen,
Date of publication, distribution, etc. 1987
300 ## - PHYSICAL DESCRIPTION
Pagination xxxviii, 329 p. :
Illustrations ill. ;
Size 22 cm.
490 0# - SERIES STATEMENT
Series statement A Methuen paperback
600 10 - SUBJECT ADDED ENTRY--PERSONAL NAME
Personal name De Watteville, Vivienne
General subdivision Travel
Geographic subdivision Kenya.
651 #0 - SUBJECT ADDED ENTRY--GEOGRAPHIC NAME
Geographic name Kenya
General subdivision Description and travel.
9 (RLIN) 190150
Geographic name Kenya, Mount (Kenya)
General subdivision Description and travel.
9 (RLIN) 190151
942 ## - ADDED ENTRY ELEMENTS (KOHA)
Source of classification or shelving scheme Dewey Decimal Classification
Koha item type Books
Holdings
Lost status Source of classification or shelving scheme Damaged status Not for loan Collection code Permanent Location Current Location Shelving location Date acquired Total Checkouts Full call number Date last seen Copy number Koha item type
  Dewey Decimal Classification   Not For Loan Non-fiction Central Library, University of Rajshahi Central Library, University of Rajshahi Reading Room 14/11/1988   916.762043 DES 1987 08/02/2017 C-1 Books